La protección constitucional del trabajo en los fallos recientes de la Corte Suprema de Justicia de la Nación Argentina (Registro nro. 18875)

Detalles MARC
000 -LEADER
fixed length control field 00393 a2200109 4500
001 - CONTROL NUMBER
control field ART_42078
005 - DATE AND TIME OF LATEST TRANSACTION
control field 20260410161742.0
008 - FIXED-LENGTH DATA ELEMENTS--GENERAL INFORMATION
fixed length control field 260409a
100 1# - MAIN ENTRY--PERSONAL NAME
Personal name Fera, Mario S.
245 10 - TITLE STATEMENT
Title La protección constitucional del trabajo en los fallos recientes de la Corte Suprema de Justicia de la Nación Argentina
773 0# - HOST ITEM ENTRY
Title Doctrina laboral
Related parts - Nº 320 (abr. 2012)
Record control number REV4049

No hay ítems disponibles.